Knižnica revue pre knihovníctvo, bibliografiu, knižnú kultúru, informačné systémy a technológie, biografistiku, archív a múzeum knihy a literárnych pamiatok
Na minha lista:
| Formato: | Periódico |
|---|---|
| Idioma: | eslovaco |
| Publicado em: |
Martin
Slovenská národná knižnica
2001
|
| Assuntos: | |
| Tags: |
Sem tags, seja o primeiro a adicionar uma tag!
|
MARC
| LEADER | 00000nas2a2200000 4500 | ||
|---|---|---|---|
| 001 | 0006975 | ||
| 005 | 20160720112006.9 | ||
| 022 | |a 1335-7026 | ||
| 041 | 0 | |a slo | |
| 044 | |a SK | ||
| 245 | 1 | 0 | |a Knižnica |b revue pre knihovníctvo, bibliografiu, knižnú kultúru, informačné systémy a technológie, biografistiku, archív a múzeum knihy a literárnych pamiatok |
| 264 | 1 | |a Martin |b Slovenská národná knižnica |c 2001 | |
| 300 | |a 2 zv. | ||
| 773 | 0 | |w eu_un_cat*s122910 | |
| 610 | 2 | 0 | |a knihovníctvo |
| 610 | 2 | 0 | |a knižnice |
| 610 | 2 | 0 | |a systémy informačné |